| 000 | 00752nam a22002297a 4500 | ||
|---|---|---|---|
| 005 | 20251014143705.0 | ||
| 008 | 251014b |||||||| |||| 00| 0 eng d | ||
| 020 | _a964-8090-10-6 | ||
| 037 | _cTB | ||
| 040 |
_aCRL _cCRL |
||
| 041 |
_2PER _aPER |
||
| 084 |
_aR6 164P5 _bCRL |
||
| 100 |
_aChattrjee, Satiscandra _9848257 |
||
| 245 | _aMuarfi maktaba hai falsafa-e-Hind | ||
| 260 |
_aKerman, Iran: _bMarkaz mutalat-o-tehqiqat, _c2005. |
||
| 300 | _a792p. | ||
| 365 |
_b900.00 _cINR |
||
| 700 |
_aDatta, Dhirendramohan _eAuthor _9848258 |
||
| 700 |
_aKermani, Farnaz Nazerzadeh _eTranslator _9848259 |
||
| 942 |
_2CC _cTB _hR6 164P5 _n0 |
||
| 999 |
_c1464749 _d1464749 |
||